Представление документа в формате MARC21

Поле Инд. ПП Название Значение
Тип записи a
Библиографический уровень m
001 Контрольный номер RU/IS/BASE/169128158
005 Дата корректировки 20221122154052.3
020 a ISBN 5-699-05496-0
040 b Код языка каталог. rus
041 0_ a Код языка текста rus
080 a Индекс УДК 821.161.1
084 a Индекс другой классификации/Индекс ББК 84(2Рос=Рус)6
090 a Полочн. индекс 84(2Рос=Рус)6
x Авторский знак З-15
097 b Оператор 02
100 1_ a Автор Задорнов М.
245 10 a Заглавие Задорнов енд К
b Продолж. заглавия проза
260 a Место издания Москва
b Издательство Эксмо
c Дата издания 2004
300 a Объем 384 с.
b Иллюстрации/ тип воспроизводства ил.
510 0_ a Примечание о ссылках Книги и методические пособия
650 04 a Основная рубрика 17.82 Произведения художественной литературы
x Основная подрубрика 17.82.70 Юмор, сатира, пародия
653 0_ a Ключевые слова рассказы
901 t Тип документа m